| 000 | 03467nam a22004457a 4500 | ||
|---|---|---|---|
| 005 | 20091211102113.0 | ||
| 008 | 091211t xxu||||| |||| 00| 0 eng d | ||
| 010 | _aB-370198-213 | ||
| 020 |
_a9780195676983 _c665.00 |
||
| 035 | _aB-370198-213 | ||
| 037 | _bImpulse | ||
| 040 |
_adpl _bEnglish |
||
| 082 | _a823 | ||
| 245 |
_aOxford dictionary & thesaurus / _cedited by Julia Elliott with Anne Knight (and) Chris Cowley |
||
| 260 |
_aNew Delhi _bOxford University Press _c2009 (repr.) |
||
| 270 |
_aYMCA Library Building, Jai Singh Road, _bNew Delhi _e110001 |
||
| 300 |
_ax, 932p. _c25cm(Hb) |
||
| 500 | _aThis book published in 3 vol. and set price is 1995.00 | ||
| 700 | _a Elliott,Julia | ||
| 700 | _aKnight, Anne | ||
| 700 | _aCowley, Chris | ||
| 942 |
_2ddc _cRF _mOXF _h823 |
||
| 999 |
_c32476 _d32476 |
||